[Event "Niederbayernliga 1516"]
[Site "Bayern"]
[Date "2016.04.10"]
[Round "9.5"]
[White "Ertl, Helmut"]
[Black "Krause, Karl Heinz"]
[Result "1-0"]
[WhiteElo "1704"]
[BlackElo "1370"]
[PlyCount "71"]
[EventDate "2015.10.11"]
[EventType "team-tourn"]
[EventRounds "9"]
[EventCountry "GER"]
[SourceTitle "EXT 2023"]
[Source "ChessBase"]
[SourceDate "2022.10.05"]
[SourceVersion "1"]
[SourceVersionDate "2022.10.05"]
[SourceQuality "1"]
[WhiteTeam "Deggendorf II"]
[BlackTeam "Landau Dingolfing II"]
[WhiteTeamCountry "GER"]
[BlackTeamCountry "GER"]

1. d4 Nf6 2. Nf3 e6 3. g3 d5 4. Bg2 Be7 5. 0-0 0-0 6. Nbd2 c6 7. Re1 h6 8. e4 Nbd7 9. e5 Nh7 10. Bf1 Ng5 11. Nxg5 Bxg5 12. Nf3 Bxc1 13. Qxc1 b6 14. Bd3 Qe7 15. Qd2 f6 16. Nh4 f5 17. Ng6 Qf7 18. Nxf8 Nxf8 19. c4 Bb7 20. cxd5 cxd5 21. Rac1 Ng6 22. f4 h5 23. Rc3 h4 24. Rec1 Re8 25. Be2 Re7 26. Bh5 h3 27. R1c2 Ba6 28. Qc1 Kh7 29. Rc7 Bd3 30. Rxe7 Qxe7 31. Rc7 Qb4 32. Qc3 Qb5 33. Rxa7 Bc4 34. b3 Bxb3 35. axb3 Qe2 36. Bxe2 1-0

[Event "Deggendorf op 3rd"]
[Site "Deggendorf"]
[Date "2010.09.04"]
[Round "3"]
[White "Popp, Michael"]
[Black "Ertl, Helmut"]
[Result "1-0"]
[WhiteElo "1984"]
[BlackElo "1637"]
[PlyCount "95"]
[EventDate "2010.09.03"]
[EventType "swiss"]
[EventRounds "5"]
[EventCountry "GER"]
[SourceTitle "CBM 138 Extra"]
[Source "ChessBase"]
[SourceDate "2010.10.29"]
[SourceVersion "1"]
[SourceVersionDate "2010.10.29"]
[SourceQuality "1"]

1. Nf3 d5 2. c4 c6 3. d4 Nf6 4. Qc2 g6 5. Nc3 Bg7 6. e3 Bg4 7. Ne5 Bf5 8. Qb3 Qb6 9. Qd1 Nbd7 10. Nf3 0-0 11. Be2 Bg4 12. cxd5 cxd5 13. 0-0 Bxf3 14. Bxf3 e6 15. Na4 Qc6 16. Bd2 b5 17. Rc1 Qb7 18. Nc5 Nxc5 19. dxc5 Rac8 20. b4 Rc6 21. Bc3 Nd7 22. e4 Bxc3 23. Rxc3 Ne5 24. exd5 Nxf3+ 25. Rxf3 exd5 26. Qxd5 Qc7 27. Rd3 a5 28. a3 axb4 29. axb4 Qb7 30. Ra1 Ra6 31. Rxa6 Qxa6 32. g3 Qa1+ 33. Rd1 Qb2 34. Qd4 Qe2 35. Rc1 Re8 36. c6 Rc8 37. Rc5 Qe1+ 38. Kg2 Qe6 39. Qd7 h5 40. Qxe6 fxe6 41. Kf3 Kf7 42. c7 Ke7 43. Kf4 Kd6 44. Kg5 Rxc7 45. Rxc7 Kxc7 46. Kxg6 Kd6 47. Kxh5 Ke5 48. g4 1-0

[Event "Deggendorf op 3rd"]
[Site "Deggendorf"]
[Date "2010.09.03"]
[Round "1"]
[White "Wisnet, Dominic"]
[Black "Ertl, Helmut"]
[Result "1-0"]
[WhiteElo "2134"]
[BlackElo "1637"]
[PlyCount "173"]
[EventDate "2010.09.03"]
[EventType "swiss"]
[EventRounds "5"]
[EventCountry "GER"]
[SourceTitle "CBM 138 Extra"]
[Source "ChessBase"]
[SourceDate "2010.10.29"]
[SourceVersion "1"]
[SourceVersionDate "2010.10.29"]
[SourceQuality "1"]

1. e4 c5 2. Nf3 Nc6 3. c3 e6 4. d4 cxd4 5. cxd4 d5 6. e5 Bb4+ 7. Nc3 Nge7 8. Bd3 Nf5 9. Bxf5 exf5 10. 0-0 Be6 11. Ne2 Rc8 12. Nf4 Be7 13. a3 b5 14. g3 Qb6 15. Be3 Na5 16. Nd3 0-0 17. h4 Rc7 18. Bg5 f6 19. exf6 Bxf6 20. Bxf6 Rxf6 21. Nc5 f4 22. Ng5 Bf5 23. Qf3 Qc6 24. Rfc1 fxg3 25. fxg3 h6 26. Qc3 Nc4 27. Nf3 Qd6 28. Kh2 Be4 29. Nxe4 dxe4 30. Ne5 Rf2+ 31. Kg1 e3 32. Rf1 Rcf7 33. Rxf2 Rxf2 34. Rf1 Rxf1+ 35. Kxf1 Qf6+ 36. Kg2 Qf2+ 37. Kh3 e2 38. Nf3 Qf1+ 39. Kg4 Qf2 40. Kf4 g5+ 41. hxg5 hxg5+ 42. Kxg5 Qxg3+ 43. Kf5 Qh3+ 44. Kf4 Qh6+ 45. Kg3 Qg6+ 46. Kf2 Qb1 47. b3 Qf1+ 48. Kg3 Nd6 49. Kf4 Qh3 50. Qe1 Qf5+ 51. Ke3 Qe6+ 52. Kd2 Ne4+ 53. Kd3 Qf5 54. Kxe2 Qf4 55. Qg1+ Kf8 56. Qg6 Nc3+ 57. Kf2 Nd1+ 58. Ke1 Qe3+ 59. Kxd1 Qxf3+ 60. Kc2 Qf2+ 61. Kc3 Qe1+ 62. Kc2 Qf2+ 63. Kd3 Qf1+ 64. Ke3 Qe1+ 65. Kf4 Qd2+ 66. Ke5 Qh2+ 67. Kd5 Qh1+ 68. Qe4 Qh5+ 69. Kc6 Qh6+ 70. Kxb5 Qb6+ 71. Kc4 Qa6+ 72. Kb4 Qb6+ 73. Kc3 Qa5+ 74. Kc2 Qxa3 75. Qf5+ Ke8 76. Qc8+ Kf7 77. Qd7+ Kg8 78. Qe6+ Kh7 79. Qe4+ Kg8 80. Qe6+ Kh7 81. Qe4+ Kg8 82. Qd3 Kf7 83. Qf5+ Kg7 84. Qd7+ Kg6 85. Qc6+ Kf5 86. Qc5+ Kf6 87. Qxa3 1-0

[Event "Niederbayern-ch"]
[Site "Mamming"]
[Date "2010.06.06"]
[Round "7"]
[White "Angermeier, Gerhard"]
[Black "Ertl, Helmut"]
[Result "1-0"]
[WhiteElo "1668"]
[BlackElo "1627"]
[PlyCount "107"]
[EventDate "2010.06.03"]
[EventType "swiss"]
[EventRounds "7"]
[EventCountry "GER"]
[SourceTitle "EXT 2023"]
[Source "ChessBase"]
[SourceDate "2022.10.05"]
[SourceVersion "1"]
[SourceVersionDate "2022.10.05"]
[SourceQuality "1"]

1. e4 c5 2. Nf3 Nc6 3. d4 cxd4 4. Nxd4 e5 5. Nf3 Nf6 6. Bg5 Be7 7. Nc3 d6 8. h3 Be6 9. Be2 Rc8 10. 0-0 a6 11. Nd2 d5 12. exd5 Nxd5 13. Nxd5 Bxg5 14. c4 Bxd5 15. cxd5 Qxd5 16. Nc4 Qxd1 17. Rfxd1 0-0 18. Bf3 Bf6 19. Nd6 Rc7 20. Rac1 e4 21. Nxe4 Bxb2 22. Rc2 Be5 23. Rcd2 h6 24. Rd5 g6 25. a3 Re7 26. Nc5 Bb8 27. Nd7 Rfe8 28. Nf6+ Kg7 29. Nxe8+ Rxe8 30. Rd7 Ne5 31. Rxb7 Nxf3+ 32. gxf3 Bf4 33. Rdd7 Rf8 34. Ra7 h5 35. Rxa6 g5 36. a4 Be5 37. a5 Bc3 38. Raa7 Kg6 39. a6 f6 40. Rab7 Be5 41. a7 Kf5 42. Rd5 Ra8 43. Kg2 h4 44. Re7 Kf4 45. Rb7 Kf5 46. Kf1 Kf4 47. Ke2 Kf5 48. Ke3 Ke6 49. Ra5 Kf5 50. Ra4 Ke6 51. Kd3 Kd5 52. Ra6 Kc5 53. Ke4 Kc4 54. Rc6# 1-0

[Event "Deggendorf op 2nd"]
[Site "Deggendorf"]
[Date "2008.05.18"]
[Round "5"]
[White "Ertl, Helmut"]
[Black "Grum, Theodor"]
[Result "1-0"]
[WhiteElo "1444"]
[BlackElo "1721"]
[PlyCount "83"]
[EventDate "2008.05.16"]
[EventType "swiss"]
[EventRounds "5"]
[EventCountry "GER"]
[SourceTitle "CBM 124 Extra"]
[Source "ChessBase"]
[SourceDate "2008.07.03"]
[SourceVersion "1"]
[SourceVersionDate "2008.07.03"]
[SourceQuality "1"]

1. e4 c5 2. Nf3 g6 3. d4 cxd4 4. Nxd4 Bg7 5. Nc3 Nc6 6. Be3 Nf6 7. Be2 0-0 8. Qd2 d5 9. exd5 Nxd5 10. Nxd5 Nxd4 11. Nc3 Qa5 12. Bxd4 Rd8 13. Bd3 Bxd4 14. 0-0 Qb4 15. Rab1 Be6 16. a3 Bxc3 17. bxc3 Qxa3 18. Rxb7 Bd5 19. Rb4 Rac8 20. Qf4 Qxc3 21. Ra4 Rc7 22. Rfa1 e5 23. Qf6 Rdd7 24. R4a3 Qd4 25. Ra4 Bc4 26. h3 Rd6 27. Qf3 Rdd7 28. Rb1 f5 29. Rb8+ Kg7 30. Qa8 e4 31. Bxc4 Rxc4 32. Rg8+ Kf6 33. Qf8+ Kg5 34. h4+ Kh5 35. Rxc4 Qxc4 36. Qf6 Rd1+ 37. Kh2 Qc7+ 38. g3 Kg4 39. Qg5+ Kf3 40. Qe3+ Kg4 41. f3+ exf3 42. Qg5# 1-0

[Event "Niederbayern-ch MK 49th"]
[Site "Vilshofen"]
[Date "2008.??.??"]
[Round "6"]
[White "Ertl, Helmut"]
[Black "Lichtmannecker, Hans Juergen"]
[Result "0-1"]
[WhiteElo "1444"]
[BlackElo "1614"]
[PlyCount "166"]
[EventDate "2008.??.??"]
[EventType "swiss"]
[EventRounds "7"]
[EventCountry "GER"]
[SourceTitle "EXT 2010"]
[Source "ChessBase"]
[SourceDate "2010.11.25"]
[SourceVersion "1"]
[SourceVersionDate "2010.11.25"]
[SourceQuality "1"]

1. e4 e5 2. Nf3 Nc6 3. Bc4 Be7 4. 0-0 Nf6 5. Nc3 0-0 6. d4 d6 7. dxe5 Nxe5 8. Nxe5 dxe5 9. Qxd8 Rxd8 10. Bg5 h6 11. Bxf6 Bxf6 12. Rad1 c6 13. Rxd8+ Bxd8 14. Ne2 Bg4 15. f3 Bb6+ 16. Kh1 Bh5 17. Ng3 Bg6 18. Rd1 Rd8 19. Rxd8+ Bxd8 20. Ne2 Kf8 21. Nc1 f6 22. Kg1 b5 23. Be6 Ke7 24. Bg8 Bb6+ 25. Kf1 a5 26. c4 Be8 27. cxb5 cxb5 28. Ke2 g6 29. Kd3 f5 30. Bd5 Kf6 31. Ne2 b4 32. b3 Bb5+ 33. Bc4 Bd7 34. Bd5 g5 35. exf5 Bxf5+ 36. Be4 Be6 37. Bc6 Bc7 38. Ng3 Bc8 39. Bd5 Ba6+ 40. Bc4 Bb7 41. Ne4+ Kf5 42. Bg8 Kg6 43. Be6 Ba6+ 44. Bc4 Bc8 45. Bb5 g4 46. Be8+ Kg7 47. fxg4 Bxg4 48. h3 Bc8 49. Bb5 Kg6 50. Ke3 Bb6+ 51. Kf3 Bb7 52. Bd3 Bc6 53. Bc4 h5 54. Bd3 Kg7 55. Bc4 a4 56. Be6 Kf8 57. Bc4 Ke7 58. Bg8 h4 59. Bc4 Kd8 60. Bg8 Kc7 61. Bc4 Bd4 62. bxa4 Kb6 63. Bb3 Ka5 64. Be6 Kxa4 65. Bb3+ Ka3 66. Be6 Kb2 67. Bb3 Kc1 68. Be6 Kc2 69. Bc4 Kd1 70. Bb3+ Ke1 71. Be6 Ba4 72. Kg4 Bc6 73. Kf3 Kf1 74. Bc4+ Kg1 75. Be6 Bf2 76. Bc4 Be1 77. Be6 Ba4 78. Bc4 Bd1+ 79. Ke3 Kxg2 80. Be6 Bg3 81. Nxg3 hxg3 82. Ke4 Kf2 83. Kxe5 g2 0-1

[Event "Niederbayern-ch MK 49th"]
[Site "Vilshofen"]
[Date "2008.??.??"]
[Round "5"]
[White "Stadler, Alexander"]
[Black "Ertl, Helmut"]
[Result "1-0"]
[WhiteElo "1788"]
[BlackElo "1444"]
[PlyCount "43"]
[EventDate "2008.??.??"]
[EventType "swiss"]
[EventRounds "7"]
[EventCountry "GER"]
[SourceTitle "EXT 2010"]
[Source "ChessBase"]
[SourceDate "2010.11.25"]
[SourceVersion "1"]
[SourceVersionDate "2010.11.25"]
[SourceQuality "1"]

1. e4 c5 2. Nf3 Nc6 3. d4 cxd4 4. Nxd4 e5 5. Nb5 d6 6. N1c3 a6 7. Na3 Be6 8. Bc4 Nf6 9. Bg5 b5 10. Bxf6 Qxf6 11. Nd5 Qd8 12. Bb3 Rc8 13. c3 g6 14. Nc2 Na5 15. Nce3 Nxb3 16. axb3 Ra8 17. Qd3 Bh6 18. Rxa6 0-0 19. Qxb5 Rb8 20. Qa4 Qh4 21. 0-0 Qh5 22. Nf6+ 1-0

[Event "Niederbayernliga 0607"]
[Site "Germany"]
[Date "2007.??.??"]
[Round "5.8"]
[White "Koenigl, Anton"]
[Black "Ertl, Helmut"]
[Result "1/2-1/2"]
[WhiteElo "1762"]
[BlackElo "1366"]
[PlyCount "133"]
[EventDate "2006.??.??"]
[EventType "team-tourn"]
[EventRounds "9"]
[EventCountry "GER"]
[SourceTitle "EXT 2008"]
[Source "ChessBase"]
[SourceDate "2007.11.25"]
[SourceVersion "1"]
[SourceVersionDate "2007.11.25"]
[SourceQuality "1"]
[WhiteTeam "Ergolding"]
[BlackTeam "Deggendorf II"]
[WhiteTeamCountry "GER"]
[BlackTeamCountry "GER"]

1. e4 c5 2. b4 e5 3. Nf3 Qc7 4. Bb2 f6 5. b5 b6 6. Bc4 Ne7 7. Nc3 Bb7 8. d3 a6 9. a4 a5 10. Qe2 Bc8 11. h3 Ra7 12. Nd1 d6 13. Ne3 g6 14. g4 Bg7 15. 0-0-0 Nd7 16. h4 Nf8 17. h5 Ne6 18. Bxe6 Bxe6 19. hxg6 hxg6 20. Rxh8+ Bxh8 21. c4 Qd8 22. Qf1 Kd7 23. Qh3 Qf8 24. Rh1 Bg7 25. Kc2 Ra8 26. Bc1 Qf7 27. Qg2 Rh8 28. Rxh8 Bxh8 29. Qh3 Bg7 30. Qh7 Qf8 31. Qh4 g5 32. Qg3 Qf7 33. Nd5 Bxd5 34. exd5 Qg6 35. Nd2 Qh7 36. Ne4 Ng6 37. Qf3 Nf4 38. Ng3 Qh2 39. Be3 Qg1 40. Bc1 Qh2 41. Nf5 Ng2 42. Qe4 Bf8 43. Bd2 Nf4 44. Be1 Qh3 45. Ng3 Qxg4 46. Qh7+ Be7 47. Bd2 Qh3 48. Qg8 Qg4 49. Qa8 Bd8 50. Qc6+ Ke7 51. Ne4 Qd7 52. Qa8 Kf7 53. Qb8 Ke7 54. Be3 Kf7 55. Nxd6+ Kg6 56. Nb7 Be7 57. d6 Kg7 58. Bxf4 exf4 59. dxe7 Qxe7 60. Kd1 f3 61. Nd6 Qe2+ 62. Kc1 Qe1+ 63. Kc2 Qe2+ 64. Kb3 Qd1+ 65. Kb2 Qd2+ 66. Ka3 Qc3+ 67. Ka2 1/2-1/2

[Event "Deggendorf op"]
[Site "Deggendorf"]
[Date "2006.06.15"]
[Round "2"]
[White "Ertl, Helmut"]
[Black "Mittermaier, Johann"]
[Result "0-1"]
[WhiteElo "1397"]
[BlackElo "1697"]
[PlyCount "54"]
[EventDate "2006.06.15"]
[EventType "swiss"]
[EventRounds "7"]
[EventCountry "GER"]
[SourceTitle "EXT 2008"]
[Source "ChessBase"]
[SourceDate "2007.11.25"]
[SourceVersion "1"]
[SourceVersionDate "2007.11.25"]
[SourceQuality "1"]

1. e4 c5 2. Nf3 d6 3. d4 cxd4 4. Nxd4 g6 5. Nc3 Bg7 6. Be3 Nf6 7. Be2 0-0 8. 0-0 b6 9. Qd2 Bb7 10. f3 Nc6 11. Rad1 Rc8 12. Nxc6 Rxc6 13. Bh6 Bxh6 14. Qxh6 Rc5 15. Qe3 Qc8 16. Bd3 Rd8 17. f4 Rh5 18. Kh1 Rxh2+ 19. Kg1 Ng4 20. Qd4 e5 21. Qc4 Rxg2+ 22. Kh1 Qxc4 23. Bxc4 Ne3 24. Bd3 Rg4 25. fxe5 dxe5 26. Rf2 Nxd1 27. Nxd1 Bxe4+ 0-1

[Event "Deggendorf op"]
[Site "Deggendorf"]
[Date "2006.06.15"]
[Round "1"]
[White "Firlbeck, Hubert"]
[Black "Ertl, Helmut"]
[Result "1-0"]
[WhiteElo "1973"]
[BlackElo "1397"]
[PlyCount "83"]
[EventDate "2006.06.15"]
[EventType "swiss"]
[EventRounds "7"]
[EventCountry "GER"]
[SourceTitle "EXT 2008"]
[Source "ChessBase"]
[SourceDate "2007.11.25"]
[SourceVersion "1"]
[SourceVersionDate "2007.11.25"]
[SourceQuality "1"]

1. e4 e5 2. Nf3 Nc6 3. Bb5 Nf6 4. Qe2 d6 5. 0-0 Be7 6. c3 a6 7. Ba4 Bg4 8. d3 Qc8 9. Nbd2 b5 10. Bc2 0-0 11. Rd1 Re8 12. h3 Bh5 13. Nf1 d5 14. Ne3 dxe4 15. dxe4 Qb7 16. Nd5 Rad8 17. Nxe7+ Nxe7 18. Bg5 Nd7 19. Bxe7 Rxe7 20. g4 Bg6 21. Rd5 Rde8 22. Re1 c6 23. Rd6 Nc5 24. Qe3 Nd7 25. Nh4 Qc7 26. Red1 c5 27. Rxa6 Nb6 28. b3 Rd7 29. Rxd7 Nxd7 30. Qd3 c4 31. Qd6 Qd8 32. Nxg6 hxg6 33. bxc4 Re6 34. Qa3 Rxa6 35. Qxa6 bxc4 36. Qd6 Qc8 37. a4 Kh8 38. a5 f6 39. a6 Nc5 40. a7 Nd7 41. Ba4 Qb7 42. Qxd7 1-0

[Event "Niederbayernliga 0506"]
[Site "Germany"]
[Date "2005.??.??"]
[Round "2"]
[White "Mittermaier, Johann"]
[Black "Ertl, Helmut"]
[Result "1-0"]
[WhiteElo "1681"]
[BlackElo "1520"]
[PlyCount "61"]
[EventDate "2005.??.??"]
[EventType "team-tourn"]
[EventRounds "9"]
[EventCountry "GER"]
[SourceTitle "EXT 2008"]
[Source "ChessBase"]
[SourceDate "2007.11.25"]
[SourceVersion "1"]
[SourceVersionDate "2007.11.25"]
[SourceQuality "1"]
[WhiteTeam "Vilshofen"]
[BlackTeam "Deggendorf II"]
[WhiteTeamCountry "GER"]
[BlackTeamCountry "GER"]

1. e4 e5 2. f4 exf4 3. Nf3 g5 4. Bc4 Bg7 5. d4 d6 6. c3 Bg4 7. Qb3 Nh6 8. Qxb7 Bxf3 9. gxf3 Nd7 10. Rg1 Nb6 11. Bb5+ Kf8 12. a4 a6 13. Bxa6 g4 14. Bxf4 gxf3 15. Nd2 f2+ 16. Kxf2 Rb8 17. Qc6 Qh4+ 18. Bg3 Qf6+ 19. Kg2 Qe7 20. a5 Nd7 21. Qxc7 Kg8 22. Bc4 Rxb2 23. Rgd1 Qxe4+ 24. Kf1 Qf5+ 25. Kg1 Qh3 26. Ra2 Rxa2 27. Bxa2 Nf5 28. Qxd7 h5 29. Bxf7+ Kh7 30. Be6 Qg4 31. Bxf5+ 1-0